000
00331nam a2200157Ia 4500
100
_a
Deshpande/P.S
650
_a
Oracle
942
_c
BK
366
_f
17.5
654
_a
SQL
245
_a
SQL & PL/SQL for Oracle 10g
260
_b
Dream tech
_a
Mumbai
_c
2007
082
_a
005.133/DES
_b
DES
300
_a
980
546
_a
ENGLISH
999
_c
19881
_d
19881